| 000 | 06325cam a22019214i 4500 | ||
|---|---|---|---|
| 003 | PE-LiUPU | ||
| 005 | 20250813165645.0 | ||
| 008 | 150625s2006 sp rb 000 0 spa d | ||
| 020 | _a8481748870 | ||
| 020 | _a9788481748871 | ||
| 035 | _a(Sirsi) i9788481748871 | ||
| 040 |
_aPE-LiUPU _bspa _cPE-LiUPU _dPE-LiUPU _erda |
||
| 049 | _aPRUA | ||
| 082 | 0 | 4 |
_a616.15211 _bH36 _221 |
| 100 | 1 |
_aHeitz, Ursula, _eautor. |
|
| 245 | 1 | 0 |
_aFluidos, electrólitos y equilibrio ácido-base / _cUrsula Heitz. |
| 250 | _a5a edición. | ||
| 264 | 1 |
_aMadrid : _bElsevier, _c2006. |
|
| 300 |
_a375 páginas ; _c19 centímetros. |
||
| 336 |
_atext _2rdacontent |
||
| 337 |
_aunmediated _2rdamedia |
||
| 338 |
_avolume _2rdacarrier |
||
| 490 | 0 | _aMorby. Guías clínicas de enfermería | |
| 504 | _aBibliografía: páginas 319-325. | ||
| 505 | 0 | _aPerspectiva general del equilibrio hidroelectrolítico -- Regulación del volumen vascular y de la osmolalidad del líquido extracelular -- Ganancias y pérdidas de líquidos -- Evaluación de enfermería en pacientes de riesgo -- Valoración de laboratorio del equilibrio de líquidos electrólitos y ácido-base -- Alteraciones del equilibrio de líquidos -- Alteraciones del equilibrio del sodio -- Alteraciones del equilibrio del potasio -- Alteraciones del equilibrio del calcio -- Alteraciones del equilibrio del fósforo -- Alteraciones del equilibrio del magnesio -- Perspectiva general del equilibrio ácido-base -- Acidosis respiratoria -- Alcalosis respiratoria -- Acidosis metabólica -- Alcalosis metabólica -- Alteraciones ácido-base mixtas -- Trastornos gastrointestinales -- Alteraciones quirúrgicas -- Alteraciones endocrinas -- Alteraciones cardíacas -- Insuficiencia renal -- Pancreatitis aguda -- Insuficiencia hepática -- Quemaduras -- Aportación de soporte nutricional. | |
| 526 | _aP203 | ||
| 526 | _aP200 | ||
| 526 | _aSEG65 | ||
| 526 | _aSEG64 | ||
| 526 | _aSEG63 | ||
| 526 | _aSEG62 | ||
| 526 | _aSEG61 | ||
| 526 | _aSEG60 | ||
| 526 | _aSEG59 | ||
| 526 | _aSEG58 | ||
| 526 | _aSEG57 | ||
| 526 | _aSEG56 | ||
| 526 | _aSEG55 | ||
| 526 | _aSEG54 | ||
| 526 | _aSEG53 | ||
| 526 | _aSEG52 | ||
| 526 | _aSEG51 | ||
| 526 | _aSEG50 | ||
| 526 | _aSEG49 | ||
| 526 | _aSEG48 | ||
| 526 | _aSEG47 | ||
| 526 | _aSEG46 | ||
| 526 | _aSEG24 | ||
| 526 | _aSEG23 | ||
| 526 | _aSEG22 | ||
| 526 | _aSEG21 | ||
| 526 | _aSEG20 | ||
| 526 | _aSEG19 | ||
| 526 | _aSEG18 | ||
| 526 | _aSEG17 | ||
| 526 | _aSEG16 | ||
| 526 | _aSEG14 | ||
| 526 | _aSEG13 | ||
| 526 | _aSEG12 | ||
| 526 | _aSEG11 | ||
| 526 | _aSEG10 | ||
| 526 | _aSEG09 | ||
| 526 | _aSEG06 | ||
| 526 | _aSEG05 | ||
| 526 | _aSEG04 | ||
| 526 | _aSEG03 | ||
| 526 | _aSEG02 | ||
| 526 | _aSEG68 | ||
| 526 | _aSEG66 | ||
| 526 | _aSEG45 | ||
| 526 | _aSEG25 | ||
| 526 | _aSEG01 | ||
| 526 | _aP163 | ||
| 526 | _aP162 | ||
| 526 | _aP161 | ||
| 526 | _aP160 | ||
| 526 | _aP159 | ||
| 526 | _aP158 | ||
| 526 | _aP157 | ||
| 526 | _aP156 | ||
| 526 | _aP155 | ||
| 526 | _aP154 | ||
| 526 | _aP153 | ||
| 526 | _aP152 | ||
| 526 | _aP151 | ||
| 526 | _aP150 | ||
| 526 | _aP149 | ||
| 526 | _aP142 | ||
| 526 | _aP141 | ||
| 526 | _aP140 | ||
| 526 | _aP139 | ||
| 526 | _aP138 | ||
| 526 | _aP137 | ||
| 526 | _aP132 | ||
| 526 | _aP131 | ||
| 526 | _aP130 | ||
| 526 | _aP126 | ||
| 526 | _aP125 | ||
| 526 | _aP124 | ||
| 526 | _aP123 | ||
| 526 | _aP115 | ||
| 526 | _aP122 | ||
| 526 | _aP121 | ||
| 526 | _aP116 | ||
| 526 | _a P114 | ||
| 526 | _aP112 | ||
| 526 | _aP111 | ||
| 526 | _aP104 | ||
| 526 | _aP103 | ||
| 526 | _aP102 | ||
| 526 | _aP101 | ||
| 526 | _aP100 | ||
| 526 | _aP96 | ||
| 526 | _aP95 | ||
| 526 | _aP93 | ||
| 526 | _aP92 | ||
| 526 | _aP91 | ||
| 526 | _aP88 | ||
| 526 | _aP83 | ||
| 526 | _aP82 | ||
| 526 | _aP79 | ||
| 526 | _aP78 | ||
| 526 | _aP75 | ||
| 526 | _aP74 | ||
| 526 | _aP71 | ||
| 526 | _aP69 | ||
| 526 | _a P51 | ||
| 526 | _aP49 | ||
| 526 | _aP48 | ||
| 526 | _aP47 | ||
| 526 | _aP33 | ||
| 526 | _aP31 | ||
| 526 | _a P30 | ||
| 526 | _aP29 | ||
| 526 | _aP27 | ||
| 526 | _aP26 | ||
| 526 | _aP25 | ||
| 526 | _aP24 | ||
| 526 | _a P22 | ||
| 526 | _aP10 | ||
| 526 | _aP09 | ||
| 526 | _a P08 | ||
| 526 | _aP06 | ||
| 526 | _aP05 | ||
| 526 | _aP04 | ||
| 526 | _aP01 | ||
| 541 | _g001-0002802; | ||
| 541 | _g001-0002690; | ||
| 541 | _g001-0002453; | ||
| 650 | 0 | 4 |
_aDesequilibrio ácido-base-Cuidados de enfermería _xAlteraciones. |
| 942 |
_2ddc _cBOOK |
||
| 949 |
_a616.15211 H36 _wDEWEY _c1 _i56646 _d2015-10-1 _e2015-9-30 _lCCODEBUL1 _mBUL _n1 _p24.00 _r0 _sY _tBOOK _u2015-6-25 _xSALUD _zUNKNOWN _0COMPRA _o.STAFF. Colección Ciencias de la Salud |
||
| 949 |
_a616.15211 H36 _wDEWEY _c2 _i58761 _d2016-10-17 _e2016-10-12 _lCCODEBUL1 _mBUL _n3 _p27.00 _r0 _sY _tBOOK _u2015-6-25 _xSALUD _PP22 _0COMPRA _o.STAFF. Colección Ciencias de la Salud |
||
| 949 |
_a616.15211 H36 _wDEWEY _c3 _i60732 _d2016-8-24 _e2016-8-24 _lCCODEBUL1 _mBUL _n5 _p26.00 _r0 _sY _tBOOK _u2015-6-25 _xINGENIERIA _PP26 _0COMPRA _o.STAFF. Colección General |
||
| 949 |
_a574.19212 H36 _wDEWEY _c1 _iFJ06003 _lCCODEBUJ1 _mBUJ _p30.00 _r0 _sY _tBOOK _u2016-11-12 _xINGENIERIA _PP24 _0COMPRA _o.STAFF -- Colección General Juliaca |
||
| 994 |
_aC0 _bPEPRU |
||
| 596 | _a1 3 | ||
| 999 |
_a616.15211 H36 _wDEWEY _c45812 _i56646 _d45812 _e2018-9-28 _f2021-11-4 _g5 _lCCODEBUL1 _mBUL _n3 _p24.00 _q2 _r0 _sY _tBOOK _u2015-6-25 _xSALUD _zUNKNOWN _0COMPRA _o.STAFF. Colección Ciencias de la Salud |
||
| 999 |
_a616.15211 H36 _wDEWEY _c2 _i58761 _d2018-10-3 _e2018-9-30 _f2021-11-4 _g5 _lCCODEBUL1 _mBUL _n7 _p27.00 _r0 _sY _tBOOK _u2015-6-25 _xSALUD _zP22 _0COMPRA _o.STAFF. Colección Ciencias de la Salud |
||
| 999 |
_a616.15211 H36 _wDEWEY _c3 _i60732 _d2016-8-24 _e2016-8-24 _f2021-11-9 _g7 _lCCODEBUL1 _mBUL _n5 _p26.00 _r0 _sY _tBOOK _u2015-6-25 _xINGENIERIA _PP26 _0COMPRA _o.STAFF. Colección General |
||
| 999 |
_a574.19212 H36 _wDEWEY _c1 _iFJ06003 _d2019-9-16 _e2019-9-13 _f2022-1-25 _g4 _lCCODEBUJ1 _mBUJ _n1 _p30.00 _q1 _r0 _sY _tBOOK _u2017-1-25 _xSALUD _PP22 _0COMPRA _o.STAFF. Colección General Juliaca |
||
| 980 |
_81 _gALBERTO SANCHEZ Responsable de Automatización |
||